[Event "4NCL Online Division 3"]
[Site "online"]
[Date "2020.06.09"]
[Round "10.43"]
[White "Alvares, Owen"]
[Black "Gillespie, Gary"]
[Result "1-0"]
[WhiteElo "1840"]
[BlackElo "1843"]
[PlyCount "71"]
[EventDate "2020.06.09"]
[WhiteTeam "Catford Cosmonauts 2"]
[BlackTeam "Four Horsemen"]

1. e4 c6 2. d3 d5 3. exd5 cxd5 4. Nf3 Nf6 5. Be2 Nc6 6. c3 e5 7. Bg5 h6 8. Bxf6
Qxf6 9. Qb3 Qd6 10. Nbd2 g6 11. h3 Bg7 12. O-O O-O 13. a3 Be6 14. Qc2 Kh7 15.
Rfe1 Rae8 16. Nh2 f5 17. Bf1 Ne7 18. c4 Nc6 19. c5 Qe7 20. b4 Nd4 21. Qd1 e4
22. dxe4 dxe4 23. Rc1 Bd5 24. Bc4 Qf7 25. Bxd5 Qxd5 26. Nc4 f4 27. Nd6 Re7 28.
f3 e3 29. Kh1 a6 30. Ne4 Rxe4 31. fxe4 Qxe4 32. Rc4 Qe6 33. Rxd4 Bxd4 34. Qxd4
f3 35. Qxe3 fxg2+ 36. Kg1 1-0

[Event "4NCL Online Division 3"]
[Site "online"]
[Date "2020.06.09"]
[Round "10.44"]
[White "Wilkinson, Kevin"]
[Black "Helsby, David C"]
[Result "1-0"]
[WhiteElo "1392"]
[BlackElo "1825"]
[PlyCount "95"]
[EventDate "2020.06.09"]
[WhiteTeam "Four Horsemen"]
[BlackTeam "Catford Cosmonauts 2"]

1. c4 e6 2. Nc3 f5 3. g3 Nf6 4. Bg2 c6 5. d3 Be7 6. e4 O-O 7. Nge2 d5 8. e5 Ne8
9. Be3 b6 10. O-O Nc7 11. b3 Bb7 12. f4 Nba6 13. cxd5 cxd5 14. Bd2 Nc5 15. Bc1
Rb8 16. b4 Nd7 17. a3 Kh8 18. Nd4 Rg8 19. Be3 Rc8 20. Rc1 Nf8 21. Rf2 g5 22.
Rfc2 Qd7 23. Qd2 Ng6 24. Nce2 gxf4 25. Bxf4 Nb5 26. Nxb5 Qxb5 27. Nd4 Qd7 28.
Ne2 Rxc2 29. Rxc2 Rc8 30. d4 Rc7 31. Rxc7 Qxc7 32. Bg5 Bf8 33. h4 Ba6 34. h5
Ne7 35. Bf6+ Bg7 36. Qg5 Ng8 37. Nf4 Bc8 38. h6 Bxf6 39. exf6 Nxh6 40. Qxh6 Qf7
41. Nh5 Bd7 42. Bf3 Qg8 43. Kf2 Be8 44. Nf4 Bf7 45. Bh5 Bxh5 46. Nxh5 Qg6 47.
Qxg6 hxg6 48. f7 1-0

[Event "4NCL Online Division 3"]
[Site "online"]
[Date "2020.06.09"]
[Round "10.51"]
[White "Lockett, Karl"]
[Black "Francis, Joel"]
[Result "1/2-1/2"]
[WhiteElo "1810"]
[BlackElo "1675"]
[PlyCount "79"]
[EventDate "2020.06.09"]
[WhiteTeam "Crewe"]
[BlackTeam "Stroud The Young"]

1. Nf3 f5 2. c4 c6 3. g3 d5 4. cxd5 cxd5 5. Bg2 e6 6. O-O Nf6 7. d3 Nc6 8. a3
Bd6 9. Nc3 O-O 10. b4 e5 11. Qb3 Kh8 12. Nxd5 Be6 13. e4 f4 14. Bb2 Bg8 15.
Rae1 a6 16. d4 exd4 17. Nxd4 Nxd4 18. Bxd4 Nxd5 19. exd5 fxg3 20. hxg3 Qg5 21.
f4 Qf5 22. Be5 Qd7 23. Qd3 Rac8 24. Rc1 Rcd8 25. Rcd1 Qf5 26. Qd4 Rf7 27. Qb6
Rfd7 28. Qd4 Qg4 29. Qc3 h5 30. Kh2 Bxe5 31. fxe5 Bxd5 32. Bxd5 Qe2+ 33. Kg1
Rxd5 34. Rxd5 Rxd5 35. Qc8+ Kh7 36. Qf5+ Kh8 37. Qf8+ Kh7 38. Qf5+ Kh8 39. Qc8+
Kh7 40. Qf5+ 1/2-1/2

[Event "4NCL Online Division 3"]
[Site "online"]
[Date "2020.06.09"]
[Round "10.52"]
[White "Southcott-Moyers, Indy"]
[Black "Renegade, Richard"]
[Result "1-0"]
[WhiteElo "1442"]
[BlackElo "1735"]
[PlyCount "57"]
[EventDate "2020.06.09"]
[WhiteTeam "Stroud The Young"]
[BlackTeam "Crewe"]

1. d4 e6 2. c4 f5 3. Nf3 Nf6 4. g3 Be7 5. Bg2 d6 6. Nc3 Nbd7 7. O-O O-O 8. Qc2
Rb8 9. b3 b6 10. Nd2 Bb7 11. Bxb7 Rxb7 12. Bb2 Qe8 13. e4 f4 14. Qd3 Qh5 15.
Qf3 Ng4 16. Qg2 f3 17. Qh1 Qh3 18. Nd1 Bg5 19. Bc3 c5 20. d5 e5 21. Rb1 Rf6 22.
Re1 Nf8 23. Nf1 Rh6 24. Qxf3 Rf7 25. Qg2 Qh5 26. f3 Nf6 27. Nde3 Rg6 28. Nf5
N6d7 29. g4 1-0

[Event "4NCL Online Division 3"]
[Site "online"]
[Date "2020.06.09"]
[Round "10.53"]
[White "Gardiner, Harry"]
[Black "Carey, Alex"]
[Result "1-0"]
[WhiteElo "1697"]
[BlackElo "1442"]
[PlyCount "75"]
[EventDate "2020.06.09"]
[WhiteTeam "Crewe"]
[BlackTeam "Stroud The Young"]

1. d4 d5 2. c4 c6 3. Nc3 Nf6 4. Nf3 e6 5. Bg5 Nbd7 6. e4 dxe4 7. Nxe4 Qa5+ 8.
Nc3 Ne4 9. Bd2 Nxd2 10. Nxd2 Nf6 11. a3 Bd6 12. Bd3 O-O 13. O-O Bd7 14. Nf3
Rac8 15. b4 Qc7 16. Ne4 Nxe4 17. Bxe4 Rfd8 18. Qd3 f5 19. c5 Be7 20. Bxf5 exf5
21. Qb3+ Kh8 22. Ne5 Rf8 23. Nf7+ Rxf7 24. Qxf7 Bf6 25. Rfe1 h6 26. Rad1 b6 27.
d5 cxd5 28. Rxd5 Rd8 29. Red1 bxc5 30. Rxd7 Rxd7 31. Qxd7 Qb6 32. Qc8+ Kh7 33.
Qxf5+ Kh8 34. bxc5 Qb3 35. Qd3 Qa4 36. Qd5 Bg5 37. c6 Bf4 38. Re1 1-0

[Event "4NCL Online Division 3"]
[Site "online"]
[Date "2020.06.09"]
[Round "10.54"]
[White "Edwards, Jacob"]
[Black "Layhe, Neville"]
[Result "1-0"]
[WhiteElo "1412"]
[BlackElo "1607"]
[PlyCount "101"]
[EventDate "2020.06.09"]
[WhiteTeam "Stroud The Young"]
[BlackTeam "Crewe"]

1. d4 Nf6 2. Bf4 d5 3. e3 c6 4. c3 e6 5. Nf3 Bd6 6. Bg3 h5 7. Bd3 Ne4 8. Nbd2
f5 9. Ne5 Bxe5 10. Bxe5 Nxd2 11. Qxd2 Qg5 12. f4 Qe7 13. c4 Nd7 14. Qc3 Nxe5
15. dxe5 Bd7 16. Qb3 Qc5 17. Be2 O-O-O 18. cxd5 exd5 19. O-O Be6 20. Rac1 Qe7
21. Qa4 Kb8 22. Qb3 d4 23. Qd3 dxe3 24. Qxe3 g6 25. Bc4 Bxc4 26. Rxc4 Qe6 27.
Ra4 b6 28. Qc3 Rd5 29. Rc1 Rhd8 30. Qxc6 Rd1+ 31. Kf2 R1d2+ 32. Kg3 R8d3+ 33.
Kh4 Qxc6 34. Rxc6 Rxg2 35. h3 Rgg3 36. e6 Rxh3+ 37. Kg5 Rhg3+ 38. Kf6 Kb7 39.
e7 Rge3 40. Re6 Rxe6+ 41. Kxe6 Re3+ 42. Kf7 Kc6 43. e8=Q+ Rxe8 44. Kxe8 Kc5 45.
Kf7 h4 46. Rxa7 Kd4 47. Ra8 Ke4 48. Kxg6 Kxf4 49. Rh8 Kg3 50. Kxf5 h3 51. Ke5
1-0

[Event "4NCL Online Division 3"]
[Site "online"]
[Date "2020.06.09"]
[Round "10.61"]
[White "Menadue, Jeremy F S"]
[Black "De Jonge, Henk"]
[Result "1/2-1/2"]
[WhiteElo "1996"]
[BlackElo "1945"]
[PlyCount "48"]
[EventDate "2020.06.09"]
[WhiteTeam "Falmouth & Truro"]
[BlackTeam "Cork"]

1. d4 Nf6 2. c4 c5 3. d5 e6 4. Nc3 exd5 5. cxd5 d6 6. e4 g6 7. f3 a6 8. a4 Bg7
9. Bg5 h6 10. Be3 O-O 11. Qd2 Nbd7 12. Nh3 Kh7 13. Be2 Ne5 14. Nf2 Qa5 15. O-O
Rb8 16. Qc2 Ne8 17. f4 Nd7 18. Kh1 Qc7 19. Qd2 b6 20. Rfc1 c4 21. Rab1 b5 22.
axb5 axb5 23. b4 Bxc3 24. Rxc3 Nb6 1/2-1/2

[Event "4NCL Online Division 3"]
[Site "online"]
[Date "2020.06.09"]
[Round "10.62"]
[White "Lawrence, Simon"]
[Black "Hassall, Mark I"]
[Result "1/2-1/2"]
[WhiteElo "1772"]
[BlackElo "1942"]
[PlyCount "87"]
[EventDate "2020.06.09"]
[WhiteTeam "Cork"]
[BlackTeam "Falmouth & Truro"]

1. d4 e6 2. c4 b6 3. Nf3 Bb7 4. e3 f5 5. Bd3 Nf6 6. a3 Be7 7. Nc3 O-O 8. O-O a5
9. d5 Na6 10. e4 fxe4 11. Nxe4 exd5 12. Nxf6+ Bxf6 13. cxd5 Nc5 14. Bc4 Ba6 15.
Qc2 Bxc4 16. Qxc4 d6 17. Rb1 a4 18. Be3 Nb3 19. Nd2 Nxd2 20. Bxd2 Qd7 21. Bb4
Rae8 22. b3 axb3 23. Rxb3 Re7 24. Rbb1 Be5 25. Bd2 Ref7 26. Be3 Qf5 27. Rb4 Qh5
28. g3 Qf3 29. Qe4 Qxe4 30. Rxe4 Ra8 31. Bc1 Ra5 32. Rd1 Rc5 33. f4 Bf6 34. g4
Re7 35. Rxe7 Bxe7 36. g5 Kf7 37. Kg2 Rc3 38. h4 g6 39. Kh2 Bf8 40. Kh1 Rh3+ 41.
Kg2 Rc3 42. Kh1 Rh3+ 43. Kg2 Rc3 44. Kh1 1/2-1/2

[Event "4NCL Online Division 3"]
[Site "online"]
[Date "2020.06.09"]
[Round "10.63"]
[White "Willis, Toby W"]
[Black "Bradley, Michael"]
[Result "1/2-1/2"]
[WhiteElo "1892"]
[BlackElo "1411"]
[PlyCount "107"]
[EventDate "2020.06.09"]
[WhiteTeam "Falmouth & Truro"]
[BlackTeam "Cork"]

1. d4 Nf6 2. c4 c5 3. d5 b5 4. cxb5 a6 5. bxa6 g6 6. Nc3 Bxa6 7. e4 Bxf1 8.
Kxf1 Bg7 9. g3 d6 10. Kg2 O-O 11. Nf3 Nbd7 12. a4 Ng4 13. Qe2 Nge5 14. Nd2 Nb6
15. f4 Ned7 16. a5 Re8 17. Ra2 Bxc3 18. bxc3 e6 19. Nf3 Nc8 20. dxe6 Rxe6 21.
Ng5 Re8 22. Qc4 Re7 23. Re1 h6 24. Nf3 Rxa5 25. Rxa5 Qxa5 26. Qd3 Qc7 27. c4
Ndb6 28. Bb2 Na4 29. Ba1 Qc6 30. Kf2 Qe8 31. e5 dxe5 32. Nxe5 f6 33. Qxg6+ Qxg6
34. Nxg6 Rxe1 35. Kxe1 Kf7 36. Nh4 Nd6 37. Ke2 Nxc4 38. Nf3 Nab6 39. Kd3 Ke6
40. g4 Nd6 41. Nd2 Nd5 42. f5+ Kf7 43. h3 Nf4+ 44. Ke3 Nxh3 45. Ne4 Nxe4 46.
Kxe4 Nf2+ 47. Kf3 Nd3 48. Ke3 Ne5 49. Kf4 c4 50. Bc3 Nd3+ 51. Ke3 Ne5 52. Kf4
Nd3+ 53. Ke4 Ne5 54. Kf4 1/2-1/2

[Event "4NCL Online Division 3"]
[Site "online"]
[Date "2020.06.09"]
[Round "10.64"]
[White "Shindgi, Sumanth"]
[Black "Kostadinov, Boris K"]
[Result "0-1"]
[WhiteElo "1353"]
[BlackElo "1622"]
[PlyCount "182"]
[EventDate "2020.06.09"]
[WhiteTeam "Cork"]
[BlackTeam "Falmouth & Truro"]

1. d4 e6 2. c4 Nf6 3. Nc3 Bb4 4. Bg5 O-O 5. Nf3 d5 6. cxd5 exd5 7. e3 Re8 8.
Be2 c5 9. a3 cxd4 10. Nxd4 Bxc3+ 11. bxc3 Qd6 12. O-O a6 13. Bf4 Qc5 14. Qb3
Nc6 15. Rac1 Ne4 16. Rfd1 Bd7 17. Qxb7 Ra7 18. Qb3 g5 19. Bg3 Nxg3 20. hxg3 Rb8
21. Qa2 Ne5 22. Nf3 Nc4 23. Nxg5 Rb2 24. Qa1 Rxe2 25. Qb1 f5 26. g4 Rb2 27. Qd3
h6 28. Nf3 Rb6 29. gxf5 Rd6 30. Rb1 Qc8 31. Qd4 Ra8 32. Qg4+ Kh7 33. e4 dxe4
34. Rxd6 Bxf5 35. Rb7+ Qxb7 36. Qxf5+ Kg8 37. Qe6+ Qf7 38. Qxh6 Nxd6 39. Qxd6
exf3 40. Qg3+ Qg7 41. Qxf3 Rf8 42. Qd5+ Rf7 43. Qd8+ Qf8 44. Qg5+ Rg7 45. Qd5+
Qf7 46. Qd8+ Kh7 47. Qh4+ Kg6 48. Qg3+ Kf6 49. Qf4+ Ke6 50. Qe3+ Kd7 51. Qd4+
Ke7 52. Qe5+ Kf8 53. Qb8+ Qe8 54. Qb4+ Kg8 55. Qc4+ Qf7 56. Qc8+ Qf8 57. Qe6+
Kh7 58. Qh3+ Kg8 59. Qe6+ Kh8 60. Qxa6 Qf5 61. Qa8+ Kh7 62. Qb8 Qg4 63. Qh2+
Kg6 64. Qd6+ Kh5 65. Qh2+ Qh4 66. Qe5+ Rg5 67. Qh8+ Kg4 68. f3+ Kg3 69. Qb8+
Qf4 70. Qb2 Qe3+ 71. Kf1 Rg8 72. c4 Qd3+ 73. Qe2 Qxe2+ 74. Kxe2 Kf4 75. g4 Ra8
76. c5 Rxa3 77. Kd2 Ra5 78. c6 Rc5 79. g5 Rxc6 80. Ke2 Rg6 81. Kf2 Rxg5 82. Ke2
Rb5 83. Kf2 Rb2+ 84. Kf1 Kxf3 85. Ke1 Rf2 86. Kd1 Re2 87. Kc1 Ke3 88. Kd1 Kd3
89. Kc1 Rf2 90. Kb1 Kc3 91. Ka1 Kb3 0-1

[Event "4NCL Online Division 3"]
[Site "online"]
[Date "2020.06.09"]
[Round "10.71"]
[White "Rahman, Asad"]
[Black "Smith, Simon C"]
[Result "1/2-1/2"]
[WhiteElo "2095"]
[BlackElo "1915"]
[PlyCount "70"]
[EventDate "2020.06.09"]
[WhiteTeam "Harrow 2"]
[BlackTeam "Warley Mighty Quins"]

1. e4 c5 2. Nf3 e6 3. d4 cxd4 4. Nxd4 a6 5. Nc3 b5 6. a3 Qc7 7. Be2 Nf6 8. Bg5
Be7 9. f4 d6 10. O-O O-O 11. Bf3 Bb7 12. Kh1 Nbd7 13. f5 e5 14. Nb3 Rac8 15.
Qe1 Rfd8 16. Qg3 Nc5 17. Bh6 Bf8 18. Nd2 d5 19. Bg5 Be7 20. Bxf6 Bxf6 21. exd5
e4 22. Ndxe4 Nxe4 23. Qxc7 Rxc7 24. Bxe4 Bxc3 25. bxc3 Bxd5 26. Bxd5 Rxd5 27.
Rae1 Kf8 28. f6 Rxc3 29. fxg7+ Kxg7 30. Re7 Rxc2 31. Rfxf7+ Kg6 32. Rg7+ Kf6
33. Rgf7+ Kg6 34. Rg7+ Kf6 35. Rgf7+ Kg6 1/2-1/2

[Event "4NCL Online Division 3"]
[Site "online"]
[Date "2020.06.09"]
[Round "10.72"]
[White "Singh, Amrik J"]
[Black "Walkusz, Miroslaw"]
[Result "0-1"]
[WhiteElo "1870"]
[BlackElo "1939"]
[PlyCount "34"]
[EventDate "2020.06.09"]
[WhiteTeam "Warley Mighty Quins"]
[BlackTeam "Harrow 2"]

1. e4 c5 2. f4 Nc6 3. Nf3 e6 4. c3 d5 5. e5 Be7 6. d3 h5 7. Be2 Nh6 8. Na3 Nf5
9. Nc2 d4 10. O-O b6 11. Nd2 Bb7 12. Ne4 Qd7 13. Bxh5 dxc3 14. Nxc3 O-O-O 15.
Ne3 Nxe3 16. Bxe3 Qxd3 17. Re1 Qf5 0-1

[Event "4NCL Online Division 3"]
[Site "online"]
[Date "2020.06.09"]
[Round "10.74"]
[White "Emery, Ian"]
[Black "Dhemrait, Jagdeep"]
[Result "1-0"]
[WhiteElo "1825"]
[BlackElo "1982"]
[PlyCount "63"]
[EventDate "2020.06.09"]
[WhiteTeam "Warley Mighty Quins"]
[BlackTeam "Harrow 2"]

1. e4 c5 2. Nf3 Nc6 3. Bb5 a6 4. Bxc6 bxc6 5. O-O g6 6. Nc3 Bg7 7. d3 Nf6 8.
Be3 d6 9. e5 Nd5 10. exd6 exd6 11. Bg5 Qc7 12. Re1+ Be6 13. Ne4 Bxb2 14. Rb1
Bg7 15. c4 Nc3 16. Nxc3 Bxc3 17. Bd2 Bg7 18. Ng5 Qd7 19. Nxe6 fxe6 20. Qg4 Be5
21. f4 Bd4+ 22. Kh1 Kf7 23. Rxe6 Rab8 24. Rbe1 Rb7 25. f5 Rg8 26. Bg5 Qc8 27.
fxg6+ Kg7 28. gxh7 Kxh7 29. Qh5+ Kg7 30. Re7+ Rxe7 31. Rxe7+ Kf8 32. Qf7# 1-0

[Event "4NCL Online Division 3"]
[Site "online"]
[Date "2020.06.09"]
[Round "10.81"]
[White "Taylor, Alex B"]
[Black "Peacock, Malcolm R"]
[Result "0-1"]
[WhiteElo "1915"]
[BlackElo "2072"]
[PlyCount "142"]
[EventDate "2020.06.09"]
[WhiteTeam "Horsham"]
[BlackTeam "Preston South End"]

1. e4 e6 2. d4 d5 3. e5 c5 4. c3 Nc6 5. Nf3 Nge7 6. a3 a5 7. Bb5 Bd7 8. O-O
Nxe5 9. Be2 Nxf3+ 10. Bxf3 Nc6 11. Be3 b6 12. Re1 Be7 13. Nd2 O-O 14. Nf1 cxd4
15. cxd4 a4 16. Be2 Na5 17. Nd2 Rc8 18. Bd3 Bf6 19. Qe2 Qe8 20. Rab1 Qe7 21. f4
Rc7 22. g4 g6 23. g5 Bg7 24. h4 f6 25. Qh2 Qd6 26. gxf6 Rxf6 27. Re2 Nc4 28.
Bxc4 Rxc4 29. Nxc4 dxc4 30. Rd1 Bc6 31. Rf2 Rf5 32. Qg3 b5 33. Rh2 Rh5 34. Qg4
Be4 35. Re2 Bf6 36. Bf2 Bf5 37. Qf3 Bxh4 38. Bxh4 Rxh4 39. Rg2 Rxf4 40. Qa8+
Qf8 41. Qxf8+ Kxf8 42. Rgd2 Bd3 43. Rf2 Rxf2 44. Kxf2 Kg7 45. Kg3 g5 46. Re1
Kf6 47. Re5 h5 48. Rc5 h4+ 49. Kh2 Kg6 50. d5 exd5 51. Rxd5 Kh5 52. Re5 Kg4 53.
Re8 Kf4 54. Rf8+ Bf5 55. Rb8 g4 56. Rxb5 g3+ 57. Kg1 h3 58. Rc5 h2+ 59. Kf1
h1=Q+ 60. Ke2 Bd3+ 61. Kd2 Qg2+ 62. Kc3 Qc2+ 63. Kb4 Qxb2+ 64. Kxa4 Qc2+ 65.
Kb4 Qd2+ 66. Ka4 Bc2+ 67. Kb5 Qd7+ 68. Kxc4 Bd3+ 69. Kb4 Qd4+ 70. Rc4 Qxc4+ 71.
Ka5 Qb5# 0-1

[Event "4NCL Online Division 3"]
[Site "online"]
[Date "2020.06.09"]
[Round "10.82"]
[White "Thompson, Peter"]
[Black "Heath, Chris W"]
[Result "0-1"]
[WhiteElo "1900"]
[BlackElo "1855"]
[PlyCount "92"]
[EventDate "2020.06.09"]
[WhiteTeam "Preston South End"]
[BlackTeam "Horsham"]

1. e4 e6 2. d3 d5 3. Nd2 c5 4. Ngf3 Nc6 5. g3 Nf6 6. Bg2 Be7 7. O-O O-O 8. Re1
b5 9. e5 Nd7 10. Nf1 f6 11. exf6 Nxf6 12. Qe2 Bd6 13. b3 e5 14. Bg5 h6 15. Bxf6
Qxf6 16. Nh4 Be6 17. Ne3 Qf7 18. c3 Bc7 19. Rf1 Rad8 20. Nc2 g5 21. Nf3 Bg4 22.
Nce1 c4 23. h3 cxd3 24. Qd2 Bf5 25. Nh2 e4 26. Ng4 Bxg4 27. hxg4 Bb6 28. Nxd3
exd3 29. Qxd3 Bxf2+ 30. Kh1 Ne5 31. Qe2 Qe8 32. Rxf2 Rxf2 33. Qxf2 Nxg4 34. Qf1
Qh5+ 35. Bh3 Rf8 36. Qg2 Nf2+ 37. Kh2 g4 38. Rf1 Qxh3+ 39. Qxh3 Nxh3 40. Rd1
Rd8 41. c4 bxc4 42. bxc4 d4 43. c5 Nf2 44. Rf1 Ne4 45. c6 d3 46. Rd1 d2 0-1

[Event "4NCL Online Division 3"]
[Site "online"]
[Date "2020.06.09"]
[Round "10.83"]
[White "Ashby, Nicholas G"]
[Black "Pennington, Geoffrey"]
[Result "1-0"]
[WhiteElo "1817"]
[BlackElo "1742"]
[PlyCount "61"]
[EventDate "2020.06.09"]
[WhiteTeam "Horsham"]
[BlackTeam "Preston South End"]

1. d4 f5 2. Bg5 Nf6 3. Bxf6 exf6 4. e3 d5 5. c4 Bb4+ 6. Nc3 O-O 7. Qb3 Bxc3+ 8.
bxc3 c6 9. Bd3 b6 10. Ne2 Na6 11. Qa4 Nb8 12. cxd5 cxd5 13. Nf4 Kh8 14. Qb3 Bb7
15. Ne6 Qe7 16. Nxf8 Qxf8 17. Bxf5 Na6 18. O-O Nc7 19. Bd3 Ne8 20. a4 Nd6 21.
a5 bxa5 22. Rxa5 Qd8 23. Rfa1 Rb8 24. Rxa7 Bc6 25. Qc2 Ne4 26. Bxe4 dxe4 27. c4
f5 28. d5 Be8 29. Qc3 Qf6 30. Qxf6 gxf6 31. Ra8 1-0

[Event "4NCL Online Division 3"]
[Site "online"]
[Date "2020.06.09"]
[Round "10.84"]
[White "Tillotson, Carl"]
[Black "Hosker, Monika"]
[Result "0-1"]
[WhiteElo "1690"]
[BlackElo "1375"]
[PlyCount "82"]
[EventDate "2020.06.09"]
[WhiteTeam "Preston South End"]
[BlackTeam "Horsham"]

1. d4 d5 2. Nc3 c6 3. Bf4 Bf5 4. f3 e6 5. g4 Bg6 6. Qd2 h6 7. O-O-O Bd6 8. Nh3
Ne7 9. e3 Na6 10. a3 O-O 11. Rg1 b5 12. Bd3 Qc7 13. g5 h5 14. Bxd6 Qxd6 15. Nf4
b4 16. axb4 Nxb4 17. Bxg6 fxg6 18. Na4 a5 19. Nc5 e5 20. Nfe6 Rxf3 21. c3 Na6
22. Nxa6 Rxa6 23. Qe2 Qxe6 24. Qxf3 e4 25. Qf4 Nf5 26. Qb8+ Kh7 27. Rde1 Qe7
28. Re2 a4 29. Kb1 Ra7 30. Ka1 Nd6 31. Rf1 Nf5 32. Qb6 Qd7 33. Qc5 Qc7 34. Rf4
Ra5 35. Qb4 Qc8 36. Qa3 Qa6 37. Qf8 Qxe2 38. Rxf5 Qd1+ 39. Ka2 Qb3+ 40. Ka1 a3
41. Rf7 Qxb2# 0-1

[Event "4NCL Online Division 3"]
[Site "online"]
[Date "2020.06.09"]
[Round "10.91"]
[White "Chesters, Tim"]
[Black "Mashayekh, Majid"]
[Result "1-0"]
[WhiteElo "2062"]
[BlackElo "1881"]
[PlyCount "109"]
[EventDate "2020.06.09"]
[WhiteTeam "Hull Romans"]
[BlackTeam "CSC 4"]

1. c4 e6 2. Nc3 d5 3. d4 c6 4. e3 Bd6 5. Bd3 f5 6. Nge2 Nf6 7. f3 O-O 8. O-O
Nbd7 9. Bd2 Qe8 10. Qc2 dxc4 11. Bxc4 Nb6 12. Bd3 Bd7 13. a3 Rc8 14. b4 Qh5 15.
h3 Nbd5 16. e4 Nxc3 17. Nxc3 fxe4 18. Bxe4 Qh4 19. Ne2 e5 20. Bf5 exd4 21. Bxd7
Nxd7 22. Qc4+ Kh8 23. Qe6 Qe7 24. Nxd4 Rce8 25. Qxe7 Rxe7 26. Rad1 Be5 27. Bg5
Nf6 28. Nf5 Rc7 29. Rfe1 Bb2 30. Bf4 Rcf7 31. Nd6 Rd7 32. Nc4 Bd4+ 33. Kh1 b5
34. Ne5 Bxe5 35. Bxe5 Rxd1 36. Rxd1 Nd5 37. Bd4 a6 38. Re1 Kg8 39. Re6 Rc8 40.
Rd6 Rc7 41. Be5 Kf7 42. Rxd5 cxd5 43. Bxc7 Ke6 44. Kg1 d4 45. Kf2 Kd5 46. Ke2
Kc4 47. Be5 g6 48. Kd2 Kb3 49. Bxd4 Kxa3 50. Bc3 Ka4 51. f4 Kb3 52. Kd3 Ka4 53.
g4 a5 54. bxa5 b4 55. a6 1-0

[Event "4NCL Online Division 3"]
[Site "online"]
[Date "2020.06.09"]
[Round "10.92"]
[White "Towers, Nigel S"]
[Black "Crow, Stephen"]
[Result "1/2-1/2"]
[WhiteElo "1858"]
[BlackElo "1847"]
[PlyCount "42"]
[EventDate "2020.06.09"]
[WhiteTeam "CSC 4"]
[BlackTeam "Hull Romans"]

1. e4 e6 2. d4 d5 3. Nd2 Nc6 4. Ngf3 Nf6 5. e5 Nd7 6. c3 f6 7. Bb5 a6 8. Bxc6
bxc6 9. exf6 Qxf6 10. Nb3 a5 11. Bg5 Qf5 12. O-O Bd6 13. Bh4 O-O 14. Bg3 a4 15.
Nc1 c5 16. Qd3 Qxd3 17. Nxd3 Ba6 18. Rfd1 Bxd3 19. Rxd3 c4 20. Re3 Rfe8 21.
Rae1 Rab8 1/2-1/2

[Event "4NCL Online Division 3"]
[Site "online"]
[Date "2020.06.09"]
[Round "10.93"]
[White "Varley, Joe"]
[Black "Frostick, Helen M"]
[Result "1/2-1/2"]
[WhiteElo "1892"]
[BlackElo "1855"]
[PlyCount "180"]
[EventDate "2020.06.09"]
[WhiteTeam "Hull Romans"]
[BlackTeam "CSC 4"]

1. e4 e5 2. Nf3 Nc6 3. Bb5 Nf6 4. d3 d6 5. O-O Be7 6. c3 O-O 7. Re1 a6 8. Ba4
b5 9. Bc2 Bb7 10. Nbd2 d5 11. exd5 Qxd5 12. Nf1 Rad8 13. Ne3 Qd7 14. Qe2 Bd6
15. Nf1 Nd5 16. Ng3 Rfe8 17. Ne4 Bf8 18. Bd2 f6 19. Rad1 Qg4 20. h3 Qf5 21. Nh4
Qd7 22. Qf3 Qf7 23. Bb3 Na5 24. Bc2 Ne7 25. b4 Nac6 26. Bb3 Nd5 27. Nf5 Nce7
28. Nc5 Ba8 29. Ng3 Kh8 30. Nge4 Qg6 31. Qg3 Qxg3 32. Nxg3 Ng6 33. Nxa6 Ndf4
34. Nxc7 Nxd3 35. Nxe8 Nxe1 36. Bxe1 Rxe8 37. Ne2 Nh4 38. f3 Nf5 39. Bf2 g6 40.
a4 bxa4 41. Bxa4 Rc8 42. Bb6 Bh6 43. c4 Ne3 44. Rd8+ Rxd8 45. Bxd8 Nxc4 46.
Bxf6+ Kg8 47. Bb3 Bd5 48. Nc3 Bf7 49. Bxc4 Bxc4 50. Bxe5 Be3+ 51. Kh2 Kf7 52.
Ne4 Ke6 53. Bd6 Bb5 54. Bc5 Bf4+ 55. g3 Bc1 56. f4 h5 57. Ng5+ Kd5 58. Nf3 Bd3
59. Ne5 Bf5 60. Kg2 Bb2 61. Nf3 Bc3 62. Bf8 Kc6 63. Ne5+ Kb5 64. g4 hxg4 65.
hxg4 Be4+ 66. Kf2 Bxb4 67. Bxb4 Kxb4 68. Ke3 Bb1 69. Kd4 Kb5 70. Kd5 Kb6 71.
Ke6 Kc5 72. Kf6 Kd5 73. Nxg6 Ke4 74. g5 Kf3 75. f5 Bc2 76. Ne5+ Kf4 77. Ng6+
Kg4 78. Ne5+ Kf4 79. g6 Bxf5 80. g7 Bh7 81. Nd7 Bg8 82. Kg6 Be6 83. Nf8 Bg8 84.
Nh7 Ke5 85. Ng5 Kf4 86. Kf6 Kg4 87. Nf7 Kh5 88. Ke7 Kg6 89. Kf8 Bxf7 90. g8=Q+
Bxg8 1/2-1/2

[Event "4NCL Online Division 3"]
[Site "online"]
[Date "2020.06.09"]
[Round "10.94"]
[White "Kumar, Soham"]
[Black "Pollard, Michael"]
[Result "1-0"]
[WhiteElo "1742"]
[BlackElo "1660"]
[PlyCount "49"]
[EventDate "2020.06.09"]
[WhiteTeam "CSC 4"]
[BlackTeam "Hull Romans"]

1. e4 e6 2. d4 d5 3. Nc3 dxe4 4. Nxe4 Nc6 5. Nf3 Nf6 6. Nxf6+ Qxf6 7. Bd3 Bd6
8. Bg5 Qxg5 9. Nxg5 Bf4 10. Nxf7 Rf8 11. Ne5 Ne7 12. Bxh7 b6 13. Qh5+ Kd8 14.
Qh4 Bxe5 15. dxe5 Bd7 16. O-O-O Re8 17. Bg6 Rf8 18. Be4 c6 19. Bxc6 Kc7 20.
Bxd7 Nd5 21. Bxe6 Nf4 22. Qe7+ Kc6 23. Bd7+ Kb7 24. Bb5+ Kb8 25. Bc6 1-0

[Event "4NCL Online Division 3"]
[Site "online"]
[Date "2020.06.09"]
[Round "10.101"]
[White "Elwin, Adrian G"]
[Black "Carpenter, Stephen C D"]
[Result "1-0"]
[WhiteElo "1982"]
[BlackElo "1907"]
[PlyCount "41"]
[EventDate "2020.06.09"]
[WhiteTeam "MK Phoenix 2"]
[BlackTeam "Wimbledon 2"]

1. d4 Nf6 2. c4 c5 3. d5 b5 4. Qc2 bxc4 5. e4 e6 6. Bxc4 exd5 7. exd5 d6 8. Nc3
Be7 9. Nge2 Nbd7 10. Ng3 Nb6 11. b3 O-O 12. O-O Nxc4 13. bxc4 Ba6 14. Qa4 Bc8
15. Rb1 Ng4 16. Bf4 f5 17. Qc6 Bd7 18. Qa6 Bc8 19. Qc6 Bd7 20. Qb7 Bc8 21. Qxa8
1-0

[Event "4NCL Online Division 3"]
[Site "online"]
[Date "2020.06.09"]
[Round "10.102"]
[White "Silva Peña, Ángel David"]
[Black "Edwards, Peter"]
[Result "0-1"]
[WhiteElo "1862"]
[BlackElo "1870"]
[PlyCount "184"]
[EventDate "2020.06.09"]
[WhiteTeam "Wimbledon 2"]
[BlackTeam "MK Phoenix 2"]

1. e4 e6 2. d4 d5 3. Nd2 c5 4. exd5 Qxd5 5. Ngf3 cxd4 6. Bc4 Qd7 7. Nb3 Nc6 8.
Nbxd4 Nxd4 9. Qxd4 Qxd4 10. Nxd4 a6 11. O-O Nf6 12. Bg5 Ne4 13. Be3 Be7 14. a4
Bd7 15. a5 Rc8 16. Bd3 Nc5 17. Be2 e5 18. Nf3 f6 19. Rfd1 Bf5 20. Ne1 Be4 21.
f3 Bc6 22. Nd3 Bb5 23. Rac1 Ne6 24. Kf1 Kf7 25. c4 Ba4 26. Rd2 Rhd8 27. Bb6 Bb4
28. Bxd8 Bxd2 29. Ra1 Bb3 30. Bb6 Bxc4 31. Rd1 Bg5 32. Nb4 Bxe2+ 33. Kxe2 Rc4
34. Rd7+ Ke8 35. Rxb7 Rxb4 36. Rb8+ Kd7 37. Rb7+ Kc6 38. Re7 Rxb2+ 39. Kf1 Kd6
40. Rb7 Rb5 41. Ra7 Bd2 42. Rxa6 Nc5 43. Ra7 Nd7 44. Bd8 h5 45. Ke2 Bb4 46. Kd3
Bc5 47. Ra6+ Kd5 48. Ra8 Rb3+ 49. Kc2 Rb8 50. Rxb8 Nxb8 51. Kb3 Na6 52. Ka4 Kc6
53. h3 f5 54. g4 hxg4 55. hxg4 fxg4 56. fxg4 e4 57. Kb3 e3 58. Kc2 Bb4 59. Kd3
Bd2 60. Bg5 Nc5+ 61. Ke2 Bxa5 62. Bxe3 g6 63. Kf3 Ne6 64. Ke4 Bc7 65. Bh6 Kd6
66. Be3 Ke7 67. Bh6 Kf6 68. Be3 Ng5+ 69. Kd5 Nf3 70. Ke4 Ne5 71. Bd4 Ke6 72.
Kf4 Nd3+ 73. Kg5 Kf7 74. Be3 Bd8+ 75. Kh6 Ne5 76. Bc1 Nxg4+ 77. Kh7 Bh4 78. Bd2
Bf2 79. Ba5 Be3 80. Bd8 Nf6+ 81. Kh8 g5 82. Bc7 Bd4 83. Ba5 g4 84. Be1 Kg6 85.
Bh4 Kh5 86. Be1 Ne4+ 87. Kg8 Bf2 88. Ba5 Bc5 89. Be1 Nf2 90. Ba5 g3 91. Bc7 g2
92. Bh2 Ng4 0-1

[Event "4NCL Online Division 3"]
[Site "online"]
[Date "2020.06.09"]
[Round "10.103"]
[White "Whiteside, Robert"]
[Black "Williams, Michael D"]
[Result "1-0"]
[WhiteElo "1792"]
[BlackElo "1765"]
[PlyCount "91"]
[EventDate "2020.06.09"]
[WhiteTeam "MK Phoenix 2"]
[BlackTeam "Wimbledon 2"]

1. e4 c6 2. Nc3 d5 3. Nf3 dxe4 4. Nxe4 Nf6 5. Nxf6+ exf6 6. Be2 Bd6 7. d4 O-O
8. O-O Re8 9. c4 Bg4 10. Be3 Nd7 11. h3 Bh5 12. Qd2 Qc7 13. Rae1 a5 14. c5 Bf8
15. Bf4 Qd8 16. Bd1 Rxe1 17. Rxe1 g5 18. Bg3 Bxf3 19. Bxf3 Nxc5 20. d5 cxd5 21.
Bxd5 Qd7 22. Rd1 Rd8 23. h4 Ne4 24. Bxf7+ Qxf7 25. Qxd8 Nxg3 26. fxg3 gxh4 27.
Rd7 Qxa2 28. gxh4 Qxb2 29. Qe8 Qc1+ 30. Kh2 Qf4+ 31. Kh3 Qf5+ 32. Kg3 Qg6+ 33.
Qxg6+ hxg6 34. Rxb7 Bb4 35. Kg4 Bd2 36. h5 gxh5+ 37. Kxh5 Bc3 38. Rc7 Bb4 39.
Kg6 Bd6 40. Rc8+ Bf8 41. Kxf6 a4 42. Ra8 a3 43. g4 a2 44. Rxa2 Bg7+ 45. Kg6 Bf8
46. Ra8 1-0